Normal view
MARC view
- Escritura
Entry Materia
001 - NÚMERO DE CONTROL DEL REGISTRO
- campo de control: 13110
003 - IDENTIFICADOR DE NUMERO DE CONTROL
- campo de control: MX-MxUPN
005 - FECHA Y HORA DE LA ÚLTIMA TRANSACCIÓN
- campo de control: 20240617105529.0
008 - DATOS DE LONGITUD FIJA
- campo de control de longitud fija: 240617n||acannbabn | aaa |d
035 ## - NÚMERO DE CONTROL DEL SISTEMA
- Número de control del sistema: UPN10000013118
040 ## - FUENTE DE LA CATALOGACIÓN
- Lengua de catalogación: spa
- Agencia de transcripción: MX-MxUPN
- Centro catalogador de origen: MX-MxUPN
150 ## - ENCABEZAMIENTO - TEMÁTICO
- Término de materia o nombre geográfico como elemento inicial: Escritura
- Subdivisión de materia general: Enseñanza correctiva
670 ## - FUENTE EN LA QUE SE LOCALIZARON DATOS
- Cita de la fuente: Autoridades LC, 17 junio 2024 :
- Información localizada: Reading Remedial teaching
- Identificador Uniforme del Recurso: https://lccn.loc.gov/sh85111670
902 ## - CATALOGADOR
- Catalogador: MMA/160197
